000 00434pab a2200169 454500
008 180718b1991 xxu||||| |||| 00| 0 eng d
100 _aJha, Raghbendra
245 _aOn setting prices for certain manufacturing commodities
260 _c1991
300 _aM-2-6
362 _a23 Feb.
650 _aManufactures - India
700 _aS. Paul
700 _aM.V. Murty
773 _aEconomic and Political Weekly
909 _a13502
999 _c13502
_d13502